=LDR 00000nam 2200000 4500 =001 INLIS000000000055755 =005 20200715065605 =035 ##$$a 0010-0720000059 =007 ta =008 200715###########################0#eng## =020 ##$$a 962-593-134-1 =082 ##$$a 582.959 8 =084 ##$$a 582.959 8 War t =245 1#$$a Tropical Flowers of Indonesia /$c Willian Warren =300 ##$$a 64 hlm : $b ilus. ; $c 20 Cm. =650 #4$$a Bunga-Indonesia =264 ##$$a Singapura :$b Periplus Edition,$c 1996 =336 ##$$a teks$2 rdacontent =337 ##$$a lain-lain$2 rdamedia =338 ##$$a lain-lain$2 rdacarrier =990 ##$$a 17991799